<?xml version="1.0" encoding="UTF-8"?>
<record
    xmlns:xsi="http://www.w3.org/2001/XMLSchema-instance"
    xsi:schemaLocation="http://www.loc.gov/MARC21/slim http://www.loc.gov/standards/marcxml/schema/MARC21slim.xsd"
    xmlns="http://www.loc.gov/MARC21/slim">

  <leader>01018nam a22002297a 4500</leader>
  <controlfield tag="003">OSt</controlfield>
  <controlfield tag="005">20240629105813.0</controlfield>
  <controlfield tag="008">220124b           ||||| |||| 00| 0 eng d</controlfield>
  <datafield tag="020" ind1=" " ind2=" ">
    <subfield code="a">8185720949</subfield>
  </datafield>
  <datafield tag="040" ind1=" " ind2=" ">
    <subfield code="c">AL</subfield>
  </datafield>
  <datafield tag="041" ind1=" " ind2=" ">
    <subfield code="a">Hindi</subfield>
  </datafield>
  <datafield tag="082" ind1=" " ind2=" ">
    <subfield code="2">23</subfield>
    <subfield code="a">959.105H</subfield>
    <subfield code="b">PRAA</subfield>
  </datafield>
  <datafield tag="100" ind1=" " ind2=" ">
    <subfield code="a">Chandra Prakash Prabhakar:</subfield>
    <subfield code="9">169674</subfield>
    <subfield code="d">&#x91A;&#x928;&#x94D;&#x926;&#x94D;&#x930; &#x92A;&#x94D;&#x930;&#x915;&#x93E;&#x936; &#x92A;&#x94D;&#x930;&#x93E;&#x92D;&#x93E;&#x915;&#x930; </subfield>
  </datafield>
  <datafield tag="245" ind1=" " ind2=" ">
    <subfield code="a">Aung San Suu Kyi aur Burma Ki Jankranti</subfield>
    <subfield code="b">&#x914;&#x902; &#x938;&#x902;: &#x938;&#x941;  &#x91A;&#x940;  &#x914;&#x930;  &#x92C;&#x930;&#x94D;&#x92E;&#x93E;  &#x915;&#x940;  &#x91C;&#x928;&#x915;&#x94D;&#x930;&#x93E;&#x902;&#x924;&#x93F; : &#x916;&#x902;&#x921; &#x968; </subfield>
  </datafield>
  <datafield tag="260" ind1=" " ind2=" ">
    <subfield code="a">Nayi Dilli</subfield>
    <subfield code="b">Iravadi Prakashan</subfield>
    <subfield code="c">1997</subfield>
  </datafield>
  <datafield tag="300" ind1=" " ind2=" ">
    <subfield code="a">vii,311+54 p.</subfield>
    <subfield code="b">HB</subfield>
    <subfield code="c">22x14 cm.</subfield>
  </datafield>
  <datafield tag="365" ind1=" " ind2=" ">
    <subfield code="b">500.00</subfield>
    <subfield code="c">&#x20B9;</subfield>
    <subfield code="d">500.00</subfield>
  </datafield>
  <datafield tag="650" ind1=" " ind2=" ">
    <subfield code="a">Women Political Activist: &#x92E;&#x939;&#x93F;&#x932;&#x93E; &#x930;&#x93E;&#x91C;&#x928;&#x940;&#x924;&#x93F;&#x915; &#x915;&#x93E;&#x930;&#x94D;&#x92F;&#x915;&#x930;&#x94D;&#x924;&#x93E;</subfield>
    <subfield code="9">14494</subfield>
  </datafield>
  <datafield tag="650" ind1=" " ind2=" ">
    <subfield code="a">Burma Aur Dilli: &#x92C;&#x930;&#x94D;&#x92E;&#x93E; &#x914;&#x930; &#x926;&#x93F;&#x932;&#x94D;&#x932;&#x940;</subfield>
    <subfield code="9">14500</subfield>
  </datafield>
  <datafield tag="700" ind1=" " ind2=" ">
    <subfield code="a">PRABHAKAR (Chandra Prakash): &#x92A;&#x94D;&#x930;&#x93E;&#x92D;&#x93E;&#x915;&#x930; (&#x91A;&#x928;&#x94D;&#x926;&#x94D;&#x930; &#x92A;&#x94D;&#x930;&#x915;&#x93E;&#x936;)</subfield>
    <subfield code="9">171984</subfield>
  </datafield>
  <datafield tag="942" ind1=" " ind2=" ">
    <subfield code="2">ddc</subfield>
    <subfield code="c">GF</subfield>
  </datafield>
  <datafield tag="999" ind1=" " ind2=" ">
    <subfield code="c">221320</subfield>
    <subfield code="d">221320</subfield>
  </datafield>
  <datafield tag="952" ind1=" " ind2=" ">
    <subfield code="0">0</subfield>
    <subfield code="1">0</subfield>
    <subfield code="2">ddc</subfield>
    <subfield code="4">0</subfield>
    <subfield code="7">0</subfield>
    <subfield code="8">HIS</subfield>
    <subfield code="a">AL</subfield>
    <subfield code="b">AL</subfield>
    <subfield code="c">SSS</subfield>
    <subfield code="d">2013-03-24</subfield>
    <subfield code="l">0</subfield>
    <subfield code="o">959.105H PRAA</subfield>
    <subfield code="p">GF02571</subfield>
    <subfield code="r">2022-01-24 00:00:00</subfield>
    <subfield code="w">2022-01-24</subfield>
    <subfield code="y">GF</subfield>
  </datafield>
</record>
